Human resource management in Libraries / (Record no. 63277)

MARC details
000 -LEADER
fixed length control field 00443nam a22001457a 4500
005 - DATE AND TIME OF LATEST TRANSACTION
control field 20180821133858.0
020 ## - INTERNATIONAL STANDARD BOOK NUMBER
International Standard Book Number 8170003237
Terms of availability 525.00
035 ## - SYSTEM CONTROL NUMBER
System control number B-058660, B-058662
037 ## - SOURCE OF ACQUISITION
Stock number DPL
Source of stock number/acquisition ENG
100 ## - MAIN ENTRY--PERSONAL NAME
Personal name Mahapatra, Piyush Kanti
245 ## - TITLE STATEMENT
Title Human resource management in Libraries /
Statement of responsibility, etc by Piyush Kanti Mahapatra
260 ## - PUBLICATION, DISTRIBUTION, ETC. (IMPRINT)
Place of publication, distribution, etc New Delhi
Name of publisher, distributor, etc Ess Ess Publications
Date of publication, distribution, etc 2002
300 ## - PHYSICAL DESCRIPTION
Extent 235p.
Dimensions 20 cms.
942 ## - ADDED ENTRY ELEMENTS (KOHA)
Source of classification or shelving scheme Dewey Decimal Classification
Item type English Books
Classification part 023
Call number suffix MAH
Holdings
Withdrawn status Lost status Not for loan Collection code Home library Current library Date acquired Cost, normal purchase price Full call number Barcode Cost, replacement price Koha item type Source of acquisition
      Non-fiction Sarojini Nagar Sarojini Nagar 21/02/2012 525.00 023 MAH B-058660 525.00 English Books  
      Non-fiction Shahdara Branch Shahdara Branch 21/08/2018 525.00 023 MAH B-058662 525.00 English Books BPPD/PUB

© Delhi Public Library
Hit Counter
free hit counter